000 00275nam a22001217a 4500
008 180208b xxu||||| |||| 00| 0 eng d
041 _aeng
080 _a91
100 _a42
101 _aGEO
245 _aLABORATORY MANUAL PHYSICAL GEOGRAPHY
_cTOM.L.M
942 _2udc
_cBK
999 _c42196
_d42196